000
00287nam a22001217a 4500
020
_a
0816606269
082
_a
309.17291 NEL
100
_a
Nelson, Lowry
245
_a
cuba the measure of a revolution
260
_a
London
_b
Oxford university
_c
1972
300
_a
xiii, 242p.
942
_c
BK
999
_c
13227
_d
13227